Informe de la delegación de la república de Cuba a la VI conferencia de los ministerios de educación superior de los países socialistas.

Guardat en:
Dades bibliogràfiques
Autor corporatiu: Cuba, Ministerio de Educación
Format: Llibre
Idioma:espanyol
Matèries:
Etiquetes: Afegir etiqueta
Sense etiquetes, Sigues el primer a etiquetar aquest registre!

MARC

LEADER 00000cam^a2200000uu^4500
001 000458092
005 20250521000000.0
008 050901s1971^^^^^^^^^^^^rd^r^^000^0^spa^d
009 20260310124059.773
035 |a FCE 000000537 
035 |a FCE 001438 
037 |a Acervo ITESO - Biblioteca 
041 |a spa 
082 0 4 |a 378.063  |b C267i 
110 |a Cuba,  |b Ministerio de Educación 
245 1 0 |a Informe de la delegación de la república de Cuba a la VI conferencia de los ministerios de educación superior de los países socialistas. 
264 |a Cuba :  |b Ministerio de Educación,  |c 1971. 
300 |a 136 p. 
336 |a texto  |b txt  |2 rdacontenido 
337 |a sin mediación  |b n  |2 rdamedio 
338 |a volumen  |b nc  |2 rdasoporte 
611 4 |a Congreso 
611 4 |a Informe de Conferencia 
649 |a XX 
650 |a Educación superior 
650 |a Países socialistas 
650 |a Cuba 
910 |a Fondo Centro de Estudios Educativos 
920 |a Impresos - Libros 
930 |a Fondos Especiales 
905 |a 133 
901 |a ALE001438  |b IT2  |c CEE  |u 20250521 
902 |a https://opac.biblio.iteso.mx/vufind/Record/000458092